Tiempo de adviento

Сохранить в:
Библиографические подробности
Главный автор: Fonck, María Mercedes (Автор)
Формат:
Язык:испанский
Опубликовано: Valparaíso Universitarias de Valparaíso 1977
Редактирование:1a. ed
Серии:Colección Narrativa
Предметы:
Метки: Добавить метку
Нет меток, Требуется 1-ая метка записи!

MARC

LEADER 00000nam a2200000 a 4500
001 UCQ6900
003 CL-VaPUC
008 981023e19770000CL |||||||||||||||||spa|d
082 0 4 |a Ch863  |b FON  |2 21 
100 0 |a Fonck, María Mercedes  |e author  |9 420824 
245 1 0 |a Tiempo de adviento 
250 |a 1a. ed 
300 |a 124 p 
942 |c BK 
945 |d 19981023 00:00:00  |a crobeson 
260 |a Valparaíso  |b Universitarias de Valparaíso  |c 1977 
650 0 |a Cuentos chilenos   |9 308280 
650 7 |a PROSA POETICA  |2 CL-VaPUC  |9 420825 
650 0 |a Narrativa  |9 336727 
650 0 |a Literatura chilena   |9 308278 
583 |a last modification  |c 19981023 00:00:00  |k Rodrigo Vera 
490 0 |a Colección Narrativa 
999 |c 276798  |d 276796 
952 |0 0  |1 0  |4 0  |6 CH_863_000000000000000_FON_1977  |7 0  |8 A  |9 314274  |a BIBEDU  |b BIBEDU  |c ES_NOD  |d 2019-11-20  |i 1486098  |o Ch863 FON 1977  |p 1486098  |r 2023-08-09  |w 2019-11-20  |y BK  |k LIT 
952 |0 0  |1 0  |4 0  |6 CH_863_000000000000000_FON_1977  |7 0  |8 X  |9 314275  |a FDOBUD  |b FDOBUD  |d 2019-11-20  |i 1024531  |o Ch863 FON 1977  |p 1024531  |r 2019-11-20  |w 2019-11-20  |y BK_X  |k BUD